000 00485nam a22001697a 4500
003 BD-DhUL
005 20181115145427.0
008 181111s1921 ii ||||| |||| 00| 0 urd d
040 _aBD-DhUL
_cBD-DhUL
082 _a891.433
_bRAS
100 0 _aراشد الخیری
245 1 0 _aصبح زندگ /
_cراشد الخیری
260 _aدہلی :
_bاپنی درویش پریس،
_c۔۱۹۲۱
300 _aص۔ ۱۷۶ ؛
_c۲۱ سم۔
650 4 _aUrdu fiction
942 _2ddc
_cBK
999 _c244657
_d244657